<?xml version="1.0" encoding="UTF-8"?>
<record
    xmlns:xsi="http://www.w3.org/2001/XMLSchema-instance"
    xsi:schemaLocation="http://www.loc.gov/MARC21/slim http://www.loc.gov/standards/marcxml/schema/MARC21slim.xsd"
    xmlns="http://www.loc.gov/MARC21/slim">

  <leader>01230nam a2200325 a 4500</leader>
  <controlfield tag="001">000037888</controlfield>
  <controlfield tag="003">DO-SdBNP</controlfield>
  <controlfield tag="005">20220204081153.0</controlfield>
  <controlfield tag="007">000037888</controlfield>
  <controlfield tag="008">130308s2012    dr   001 0 spa d</controlfield>
  <datafield tag="020" ind1=" " ind2=" ">
    <subfield code="a">9789945074628 (v.1)</subfield>
  </datafield>
  <datafield tag="020" ind1=" " ind2=" ">
    <subfield code="a">9789945074741 (v.3)</subfield>
  </datafield>
  <datafield tag="020" ind1=" " ind2=" ">
    <subfield code="a">9789945074659 (v.3 part.6)</subfield>
  </datafield>
  <datafield tag="020" ind1=" " ind2=" ">
    <subfield code="a">9789945074758 (v.5)</subfield>
  </datafield>
  <datafield tag="040" ind1=" " ind2=" ">
    <subfield code="a">BPMSU</subfield>
    <subfield code="b">spa</subfield>
    <subfield code="c">BPMSU</subfield>
  </datafield>
  <datafield tag="082" ind1=" " ind2=" ">
    <subfield code="a">972.93053</subfield>
    <subfield code="b">D554t 2012</subfield>
    <subfield code="2">22</subfield>
  </datafield>
  <datafield tag="245" ind1="0" ind2="3">
    <subfield code="a">La dictadura de Trujillo :</subfield>
    <subfield code="b">documentos   /</subfield>
    <subfield code="c">editor Eliades Acosta Matos.</subfield>
  </datafield>
  <datafield tag="260" ind1=" " ind2=" ">
    <subfield code="a">Santo Domingo :</subfield>
    <subfield code="b">Archivo General de la Naci&#xF3;n,</subfield>
    <subfield code="c">2012.</subfield>
  </datafield>
  <datafield tag="300" ind1=" " ind2=" ">
    <subfield code="a"> v. ;</subfield>
    <subfield code="c">28 cm.</subfield>
  </datafield>
  <datafield tag="490" ind1="0" ind2=" ">
    <subfield code="a">Archivo General de la Naci&#xF3;n</subfield>
    <subfield code="v">123/130</subfield>
  </datafield>
  <datafield tag="500" ind1=" " ind2=" ">
    <subfield code="a">Incluye referencias bibliogr&#xE1;ficas y notas al pie de las p&#xE1;ginas</subfield>
  </datafield>
  <datafield tag="505" ind1="0" ind2=" ">
    <subfield code="a">v.1 :</subfield>
    <subfield code="t">1930-1939 --</subfield>
    <subfield code="g">v.3 :</subfield>
    <subfield code="t">1940-1949 --</subfield>
    <subfield code="g">v.4.</subfield>
    <subfield code="t">1940-1949 --</subfield>
    <subfield code="g">v.5.</subfield>
    <subfield code="t">1950-1961 --</subfield>
    <subfield code="g">v.6.1950-1961</subfield>
  </datafield>
  <datafield tag="590" ind1=" " ind2=" ">
    <subfield code="6">Inventariado, 2021/VM</subfield>
  </datafield>
  <datafield tag="600" ind1="1" ind2="4">
    <subfield code="a">Trurjillo Molina, Rafael Le&#xF3;nidad </subfield>
    <subfield code="d">1891-1961</subfield>
  </datafield>
  <datafield tag="651" ind1=" " ind2="4">
    <subfield code="a">Rep&#xFA;blica Dominicana </subfield>
    <subfield code="x">Pol&#xED;tica y gobierno </subfield>
    <subfield code="y">1930-1961</subfield>
  </datafield>
  <datafield tag="651" ind1=" " ind2="4">
    <subfield code="a">Rep&#xFA;blica Dominicana </subfield>
    <subfield code="x">Historia </subfield>
    <subfield code="y">Era de Trujilloj, 930-1961</subfield>
  </datafield>
  <datafield tag="710" ind1=" " ind2=" ">
    <subfield code="a">Archivo General de la Naci&#xF3;n (Rep&#xFA;blica Dominicana )</subfield>
  </datafield>
  <datafield tag="910" ind1=" " ind2=" ">
    <subfield code="a">VMateo V</subfield>
  </datafield>
  <datafield tag="942" ind1=" " ind2=" ">
    <subfield code="2">ddc</subfield>
    <subfield code="c">BK</subfield>
  </datafield>
  <datafield tag="952" ind1=" " ind2=" ">
    <subfield code="0">0</subfield>
    <subfield code="1">0</subfield>
    <subfield code="2">ddc</subfield>
    <subfield code="4">0</subfield>
    <subfield code="7">0</subfield>
    <subfield code="8">CD</subfield>
    <subfield code="a">BPMET</subfield>
    <subfield code="b">BPMET</subfield>
    <subfield code="d">2015-08-06</subfield>
    <subfield code="e">AGN</subfield>
    <subfield code="o">BPMSU CD 972.93053  D554t 2012</subfield>
    <subfield code="p">BPMSU15080089</subfield>
    <subfield code="r">2015-08-06</subfield>
    <subfield code="t">v. 5, t.3</subfield>
    <subfield code="w">2015-08-06</subfield>
    <subfield code="y">BK</subfield>
  </datafield>
  <datafield tag="952" ind1=" " ind2=" ">
    <subfield code="0">0</subfield>
    <subfield code="1">0</subfield>
    <subfield code="2">ddc</subfield>
    <subfield code="4">0</subfield>
    <subfield code="7">0</subfield>
    <subfield code="8">CD</subfield>
    <subfield code="a">BPMET</subfield>
    <subfield code="b">BPMET</subfield>
    <subfield code="d">2021-08-24</subfield>
    <subfield code="e">AGN</subfield>
    <subfield code="o">BPMSU CD 972.93053 D554t 2012</subfield>
    <subfield code="p">BPMSU21080093</subfield>
    <subfield code="r">2021-08-24</subfield>
    <subfield code="t">v.3, t.2</subfield>
    <subfield code="w">2021-08-24</subfield>
    <subfield code="y">BK</subfield>
  </datafield>
  <datafield tag="952" ind1=" " ind2=" ">
    <subfield code="0">0</subfield>
    <subfield code="1">0</subfield>
    <subfield code="2">ddc</subfield>
    <subfield code="4">0</subfield>
    <subfield code="7">0</subfield>
    <subfield code="8">CD</subfield>
    <subfield code="a">BPMET</subfield>
    <subfield code="b">BPMET</subfield>
    <subfield code="d">2021-08-24</subfield>
    <subfield code="e">AGN</subfield>
    <subfield code="l">0</subfield>
    <subfield code="o">BPMSU CD 972.93053 D554t 2012</subfield>
    <subfield code="p">BPMSU21110077</subfield>
    <subfield code="r">2021-11-10</subfield>
    <subfield code="t">v.1</subfield>
    <subfield code="w">2021-08-24</subfield>
    <subfield code="y">BK</subfield>
  </datafield>
  <datafield tag="952" ind1=" " ind2=" ">
    <subfield code="0">0</subfield>
    <subfield code="1">0</subfield>
    <subfield code="2">ddc</subfield>
    <subfield code="4">0</subfield>
    <subfield code="7">0</subfield>
    <subfield code="8">CD</subfield>
    <subfield code="a">BPMET</subfield>
    <subfield code="b">BPMET</subfield>
    <subfield code="d">2021-08-24</subfield>
    <subfield code="e">AGN</subfield>
    <subfield code="l">0</subfield>
    <subfield code="o">BPMSU CD 972.93053 D554t 2012</subfield>
    <subfield code="p">BPMSU21110078</subfield>
    <subfield code="r">2021-11-10</subfield>
    <subfield code="t">v.1, e.2</subfield>
    <subfield code="w">2021-08-24</subfield>
    <subfield code="y">BK</subfield>
  </datafield>
  <datafield tag="952" ind1=" " ind2=" ">
    <subfield code="0">0</subfield>
    <subfield code="1">0</subfield>
    <subfield code="2">ddc</subfield>
    <subfield code="4">0</subfield>
    <subfield code="7">0</subfield>
    <subfield code="8">CD</subfield>
    <subfield code="a">BPMET</subfield>
    <subfield code="b">BPMET</subfield>
    <subfield code="d">2021-08-24</subfield>
    <subfield code="e">Fundac&#xF3;n Juan Bosch </subfield>
    <subfield code="o">BPMSU CD 972.93053 D554t 2012</subfield>
    <subfield code="p">BPMSU22020023</subfield>
    <subfield code="r">2022-02-04</subfield>
    <subfield code="t">v.3, t.2, e.2</subfield>
    <subfield code="w">2021-08-24</subfield>
    <subfield code="y">BK</subfield>
  </datafield>
  <datafield tag="952" ind1=" " ind2=" ">
    <subfield code="0">0</subfield>
    <subfield code="1">0</subfield>
    <subfield code="2">ddc</subfield>
    <subfield code="4">0</subfield>
    <subfield code="7">0</subfield>
    <subfield code="8">CD</subfield>
    <subfield code="a">BPMET</subfield>
    <subfield code="b">BPMET</subfield>
    <subfield code="d">2015-08-06</subfield>
    <subfield code="e">AGN</subfield>
    <subfield code="l">0</subfield>
    <subfield code="o">BPMSU CD 972.93053  D554t 2012</subfield>
    <subfield code="p">BPMSU22080049</subfield>
    <subfield code="r">2022-08-31</subfield>
    <subfield code="t">v. 6, t.3</subfield>
    <subfield code="w">2015-08-06</subfield>
    <subfield code="y">BK</subfield>
  </datafield>
  <datafield tag="952" ind1=" " ind2=" ">
    <subfield code="0">0</subfield>
    <subfield code="1">0</subfield>
    <subfield code="2">ddc</subfield>
    <subfield code="4">0</subfield>
    <subfield code="7">0</subfield>
    <subfield code="8">CD</subfield>
    <subfield code="a">BPMET</subfield>
    <subfield code="b">BPMET</subfield>
    <subfield code="d">2021-08-24</subfield>
    <subfield code="e">AGN</subfield>
    <subfield code="l">0</subfield>
    <subfield code="o">BPMSU CD 972.93053 D554t 2012</subfield>
    <subfield code="p">BPMSU25080060</subfield>
    <subfield code="r">2025-08-21</subfield>
    <subfield code="t">v.1, e.3</subfield>
    <subfield code="w">2021-08-24</subfield>
    <subfield code="y">BK</subfield>
  </datafield>
  <datafield tag="999" ind1=" " ind2=" ">
    <subfield code="c">8085</subfield>
    <subfield code="d">8085</subfield>
  </datafield>
</record>
